[Event "Prague Mencik Memorial 6th"]
[Site "Prague"]
[Date "2023.09.24"]
[Round "3"]
[White "Vrabec, Milos"]
[Black "Dolezal, Vit"]
[Result "1-0"]
[WhiteElo "2190"]
[BlackElo "1941"]
[PlyCount "131"]
[EventDate "2023.09.24"]
[EventType "swiss"]
[EventRounds "9"]
[EventCountry "CZE"]
[SourceTitle "EXT 2024"]
[Source "ChessBase"]
[SourceDate "2023.10.10"]
[SourceVersion "1"]
[SourceVersionDate "2023.10.10"]
[SourceQuality "1"]

1. d4 c5 2. e4 cxd4 3. c3 dxc3 4. Nxc3 a6 5. Nf3 Nc6 6. Bc4 d6 7. 0-0 Nf6 8. a4 e6 9. Qe2 Be7 10. Bf4 Qc7 11. Rac1 Qb8 12. Rfd1 Ne5 13. Nxe5 dxe5 14. Be3 0-0 15. a5 Bd7 16. f3 Bc6 17. Qf2 Bb4 18. Bb6 Nd7 19. Na2 Nxb6 20. Qxb6 Be7 21. b4 Qa7 22. Qxa7 Rxa7 23. Kf1 Raa8 24. Ke2 Rad8 25. Rxd8 Rxd8 26. Rd1 Rxd1 27. Kxd1 Kf8 28. Kc2 Ke8 29. Kb3 Kd7 30. Nc3 f5 31. g4 g6 32. h3 Bg5 33. Bd3 f4 34. Nb1 Bh4 35. Na3 Bf2 36. Nc4 Bd4 37. Na3 Ke7 38. b5 axb5 39. Bxb5 Kd6 40. Kc4 Bc5 41. Nc2 h6 42. Ne1 Bd4 43. Nd3 Be3 44. Bxc6 bxc6 45. a6 Bd4 46. Nxf4 g5 47. Nd3 Be3 48. Nb4 Kc7 49. Nd3 Bd4 50. Nc5 Kb6 51. Nxe6 Be3 52. Nd8 c5 53. Ne6 Kxa6 54. Nxc5+ Ka5 55. Nd7 Bf4 56. Kd5 Kb4 57. Nxe5 Kc3 58. Ng6 Bc1 59. e5 Kd3 60. e6 Ba3 61. e7 Bxe7 62. Nxe7 Ke3 63. Nf5+ Kxf3 64. Nxh6 Kg3 65. Ke5 Kxh3 66. Kf5 1-0

[Event "Mid Bohemia Region-chT 2223"]
[Site "Czech Republic"]
[Date "2023.04.02"]
[Round "11.3"]
[White "Seidl, Jan1111"]
[Black "Vrabec, Milos"]
[Result "1-0"]
[WhiteElo "1997"]
[BlackElo "2107"]
[PlyCount "81"]
[EventDate "2022.10.09"]
[EventType "team-tourn"]
[EventRounds "11"]
[EventCountry "CZE"]
[SourceTitle "EXT 2024"]
[Source "ChessBase"]
[SourceDate "2023.10.10"]
[SourceVersion "1"]
[SourceVersionDate "2023.10.10"]
[SourceQuality "1"]
[WhiteTeam "Kralupy nad Vltavou"]
[BlackTeam "Kostelec nad CL"]
[WhiteTeamCountry "CZE"]
[BlackTeamCountry "CZE"]

1. d4 f5 2. Nc3 d5 3. Nf3 Nf6 4. Bg5 e6 5. e3 Be7 6. Bd3 Nbd7 7. Ne2 Ne4 8. Nf4 Ndf6 9. 0-0 0-0 10. c4 c6 11. Rc1 Ng4 12. Bxe7 Qxe7 13. h3 Ngf6 14. Ne5 Nd7 15. Nxd7 Bxd7 16. b4 a6 17. a4 Rfc8 18. Be2 b5 19. c5 e5 20. Nd3 exd4 21. exd4 bxa4 22. Ne5 Rcb8 23. Qxa4 Be8 24. Rfe1 Qh4 25. Nd3 Qf6 26. Qa1 Rb5 27. Rc2 a5 28. Ra2 a4 29. Rb1 Rbb8 30. Ne5 Qe7 31. Bd3 Qh4 32. Bxe4 Qxe4 33. Re1 Qf4 34. Qc3 a3 35. g3 Qh6 36. Rxa3 Rxa3 37. Qxa3 Qd2 38. Nf3 Qc2 39. Qa7 Rd8 40. Ng5 Bd7 41. Qxd7 1-0

[Event "SVK-ch Seniors 65"]
[Site "Tatranske Matliare"]
[Date "2021.06.24"]
[Round "6"]
[White "Vrabec, Milos"]
[Black "Mandak, Miroslav"]
[Result "1-0"]
[WhiteElo "2097"]
[BlackElo "1919"]
[PlyCount "147"]
[EventDate "2021.06.20"]
[EventType "swiss"]
[EventRounds "9"]
[EventCountry "SVK"]
[SourceTitle "EXT 2022"]
[Source "ChessBase"]
[SourceDate "2021.10.06"]
[SourceVersion "1"]
[SourceVersionDate "2021.10.06"]
[SourceQuality "1"]

1. Nf3 c5 2. c4 Nc6 3. g3 Nf6 4. Bg2 g6 5. Nc3 Bg7 6. d4 cxd4 7. Nxd4 0-0 8. 0-0 a6 9. c5 Nxd4 10. Qxd4 Ne8 11. Qh4 Bxc3 12. bxc3 Ng7 13. Rd1 a5 14. Rb1 Nf5 15. Qf4 Re8 16. Qa4 Qc7 17. e4 Ng7 18. Ba3 Ne6 19. Rd5 Nd8 20. e5 Nc6 21. Qe4 Rb8 22. Qe3 e6 23. Rd6 Ne7 24. Be4 Nc6 25. Bg2 Ra8 26. f4 Qd8 27. Rb6 Qe7 28. h4 h5 29. Kh2 Qf8 30. Bb2 Ra7 31. a3 Ne7 32. Be4 Nc6 33. c4 Qg7 34. Bc3 a4 35. Qe1 Kh7 36. Qd1 Kg8 37. Bc2 Ne7 38. Rd3 Nc6 39. Bxa4 Qf8 40. Rd6 Qe7 41. Bb2 Ra5 42. Bb5 Ra8 43. a4 Kh7 44. Bc3 Ra7 45. Qd2 Nb8 46. a5 Ra8 47. Bb4 Nc6 48. Bc3 Nb8 49. Ba4 Ra7 50. Bc2 Nc6 51. Be4 Nd8 52. Rb1 Kg7 53. Rd1 Rh8 54. Qb2 Nc6 55. Qb6 Ra8 56. Rb1 Re8 57. Ra1 Ra6 58. Qb5 Qd8 59. Rad1 Qc7 60. Bg2 Na7 61. Qa4 Nc6 62. Rb1 Ra8 63. Rb6 Re7 64. Bb4 Re8 65. a6 Rxa6 66. Rxa6 bxa6 67. Bxc6 dxc6 68. Ba5 Qb7 69. Qxc6 Qb2+ 70. Rd2 Bb7 71. Qxe8 Qa1 72. c6 Qxa5 73. Rd8 Qa2+ 74. Kh3 1-0

[Event "SVK-ch Seniors 65"]
[Site "Tatranske Matliare"]
[Date "2021.06.23"]
[Round "5"]
[White "Hecht, Tomas"]
[Black "Vrabec, Milos"]
[Result "1/2-1/2"]
[WhiteElo "1962"]
[BlackElo "2097"]
[PlyCount "45"]
[EventDate "2021.06.20"]
[EventType "swiss"]
[EventRounds "9"]
[EventCountry "SVK"]
[SourceTitle "EXT 2022"]
[Source "ChessBase"]
[SourceDate "2021.10.06"]
[SourceVersion "1"]
[SourceVersionDate "2021.10.06"]
[SourceQuality "1"]

1. e4 d5 2. exd5 Qxd5 3. Nc3 Qd6 4. d4 c6 5. Nf3 Nf6 6. Bd3 Bg4 7. Be3 Nbd7 8. 0-0 e6 9. Re1 Be7 10. a3 0-0 11. Qd2 Qc7 12. Ng5 Bh5 13. Nge4 Nxe4 14. Nxe4 Nf6 15. Bf4 Nxe4 16. Bxe4 Bd6 17. Bxd6 Qxd6 18. Qd3 f5 19. Bf3 Bxf3 20. Qxf3 Qxd4 21. Qb3 Qd7 22. Rxe6 Kh8 23. Rae1 1/2-1/2

[Event "SVK-ch 65"]
[Site "Tatranske Matliare"]
[Date "2019.06.01"]
[Round "9"]
[White "Vrabec, Milos"]
[Black "Ruckschloss, Karol"]
[Result "1/2-1/2"]
[WhiteElo "2122"]
[BlackElo "2206"]
[PlyCount "39"]
[EventDate "2019.05.25"]
[EventType "swiss"]
[EventRounds "9"]
[EventCountry "SVK"]
[SourceTitle "CBM 190 Extra"]
[Source "ChessBase"]
[SourceDate "2019.07.15"]
[SourceVersion "1"]
[SourceVersionDate "2019.07.15"]
[SourceQuality "1"]

1. e4 d6 2. Nc3 g6 3. g3 Bg7 4. Bg2 c5 5. d3 Nc6 6. Nge2 Nf6 7. h3 Nd4 8. Nxd4 cxd4 9. Ne2 Qb6 10. c3 dxc3 11. Nxc3 0-0 12. 0-0 Be6 13. Qe2 Rac8 14. Be3 Qa6 15. Rfc1 Nd7 16. d4 Qxe2 17. Nxe2 Nb6 18. b3 Bd7 19. Rxc8 Rxc8 20. Rc1 1/2-1/2

[Event "SVK-ch 65"]
[Site "Tatranske Matliare"]
[Date "2019.05.29"]
[Round "6"]
[White "Petran, Peter"]
[Black "Vrabec, Milos"]
[Result "1-0"]
[WhiteElo "2243"]
[BlackElo "2122"]
[PlyCount "115"]
[EventDate "2019.05.25"]
[EventType "swiss"]
[EventRounds "9"]
[EventCountry "SVK"]
[SourceTitle "CBM 190 Extra"]
[Source "ChessBase"]
[SourceDate "2019.07.15"]
[SourceVersion "1"]
[SourceVersionDate "2019.07.15"]
[SourceQuality "1"]

1. g3 d5 2. Nf3 c5 3. Bg2 Nc6 4. 0-0 Nf6 5. d3 e6 6. Nbd2 Be7 7. e4 0-0 8. Re1 b6 9. b3 Bb7 10. Bb2 Qc7 11. a3 a5 12. c3 dxe4 13. dxe4 a4 14. b4 b5 15. e5 Nd7 16. Qe2 c4 17. h4 h6 18. Rac1 Rad8 19. Rc2 Nb6 20. Nf1 Rd3 21. h5 Rfd8 22. N1h2 Qd7 23. Bc1 Rd1 24. Bd2 Rxe1+ 25. Nxe1 Nb8 26. Nhf3 Bd5 27. Be3 Qb7 28. Rd2 Nc6 29. Bf4 Nd7 30. Nc2 Nb6 31. Nce1 Rd7 32. Be3 Qc7 33. Bf4 Qd8 34. Qe3 Bxf3 35. Rxd7 Qxd7 36. Bxf3 Nd5 37. Qd2 Qd8 38. Bxd5 Qxd5 39. Qxd5 exd5 40. Nc2 Kf8 41. Be3 Ke8 42. f4 Kd7 43. Kf2 Ke6 44. g4 f6 45. Nd4+ Nxd4 46. Bxd4 f5 47. Kg3 Bf8 48. Kf3 Be7 49. Kg3 Bf8 50. gxf5+ Kxf5 51. Bc5 Bxc5 52. bxc5 b4 53. c6 Ke6 54. f5+ Kxe5 55. c7 bxc3 56. c8Q c2 57. Qe8+ Kd4 58. Qe1 1-0

[Event "SVK-ch 65"]
[Site "Tatranske Matliare"]
[Date "2019.05.27"]
[Round "4"]
[White "Mikulas, Dusan"]
[Black "Vrabec, Milos"]
[Result "0-1"]
[WhiteElo "1990"]
[BlackElo "2122"]
[PlyCount "56"]
[EventDate "2019.05.25"]
[EventType "swiss"]
[EventRounds "9"]
[EventCountry "SVK"]
[SourceTitle "CBM 190 Extra"]
[Source "ChessBase"]
[SourceDate "2019.07.15"]
[SourceVersion "1"]
[SourceVersionDate "2019.07.15"]
[SourceQuality "1"]

1. e4 c5 2. Nf3 d6 3. d4 cxd4 4. Nxd4 Nf6 5. Nc3 a6 6. f4 Nbd7 7. Nf3 e6 8. Bd3 Nc5 9. 0-0 Be7 10. Qe1 b5 11. b4 Nxd3 12. cxd3 0-0 13. Kh1 Bb7 14. Bd2 Rc8 15. Rc1 Re8 16. Qg3 d5 17. e5 Ne4 18. dxe4 dxe4 19. Rf2 exf3 20. gxf3 Bh4 21. Qg2 Bxf2 22. Qxf2 Qd3 23. Qe3 Bxf3+ 24. Kg1 Qg6+ 25. Kf1 Qg2+ 26. Ke1 Red8 27. Rc2 h6 28. Rb2 Rxc3 0-1

[Event "SVK-ch 65"]
[Site "Tatranske Matliare"]
[Date "2019.05.26"]
[Round "3"]
[White "Vrabec, Milos"]
[Black "Curidlo, Jan1111"]
[Result "1/2-1/2"]
[WhiteElo "2122"]
[BlackElo "1799"]
[PlyCount "37"]
[EventDate "2019.05.25"]
[EventType "swiss"]
[EventRounds "9"]
[EventCountry "SVK"]
[SourceTitle "CBM 190 Extra"]
[Source "ChessBase"]
[SourceDate "2019.07.15"]
[SourceVersion "1"]
[SourceVersionDate "2019.07.15"]
[SourceQuality "1"]

1. Nf3 d5 2. g3 g6 3. Bg2 Bg7 4. d4 c6 5. 0-0 Nf6 6. c3 0-0 7. Bf4 Bf5 8. h3 Nbd7 9. g4 Be4 10. Nbd2 Re8 11. Nxe4 Nxe4 12. Ne5 Nd6 13. Nd3 e5 14. Nxe5 Nxe5 15. Bxe5 Bxe5 16. dxe5 Rxe5 17. e3 Qc7 18. Qd4 Nb5 19. Qd3 1/2-1/2

[Event "Prague op"]
[Site "Prague"]
[Date "2019.03.09"]
[Round "1"]
[White "Van den Doel, Erik"]
[Black "Vrabec, Milos"]
[Result "1-0"]
[WhiteElo "2610"]
[BlackElo "2144"]
[PlyCount "141"]
[EventDate "2019.03.09"]
[EventType "swiss"]
[EventRounds "9"]
[EventCountry "CZE"]
[SourceTitle "CBM 189 Extra"]
[Source "ChessBase"]
[SourceDate "2019.06.03"]
[SourceVersion "1"]
[SourceVersionDate "2019.06.03"]
[SourceQuality "1"]

1. d4 f5 2. Nc3 Nf6 3. Bg5 d5 4. e3 e6 5. Nf3 Be7 6. Bd3 Nbd7 7. Ne2 Ne4 8. Nf4 Nf8 9. Bxe7 Qxe7 10. 0-0 Nd7 11. c4 c6 12. Be2 0-0 13. Rc1 Rf6 14. Nd3 Rh6 15. b4 g5 16. g3 g4 17. Nfe1 dxc4 18. Nc5 Ndxc5 19. bxc5 c3 20. f3 gxf3 21. Bxf3 Qg5 22. Ng2 Nf6 23. Rxc3 Nd5 24. Ra3 Qg7 25. Qd2 Bd7 26. Rb1 Bc8 27. Bxd5 exd5 28. Nf4 Qe7 29. Rab3 Rf6 30. Nd3 Rf7 31. Ne5 Rg7 32. Qf2 Qg5 33. a4 Rc7 34. a5 a6 35. Kh1 Rg7 36. Qf3 h6 37. Qf2 Ra7 38. Qb2 Be6 39. Rf1 Qe7 40. Qg2 Ra8 41. Rfb1 Ra7 42. Kg1 Kh7 43. R1b2 Qc7 44. Rb6 Bc8 45. Qf1 Ra8 46. Kh1 Qe7 47. Qb1 Kg8 48. R6b3 Qc7 49. Qe1 Ra7 50. Rb1 Ra8 51. Qc3 Qe7 52. R3b2 Qg5 53. Qd3 Qd8 54. Rf1 Qg5 55. Rbf2 Be6 56. Nf3 Qg4 57. Nh4 Qe4+ 58. Qxe4 fxe4 59. Rf6 Bh3 60. R1f4 Kh7 61. Rd6 h5 62. Rff6 Re8 63. Ng6 Kg8 64. Nf4 Bg4 65. h3 Bf3+ 66. Kh2 Rh7 67. Ne6 Rf7 68. Rg6+ Kh8 69. Kg1 Rg8 70. Rxg8+ Kxg8 71. Rd8+ 1-0

[Event "Wch Seniors 65 26th"]
[Site "Marianske Lazne"]
[Date "2016.11.29"]
[Round "10"]
[White "Vrabec, Milos"]
[Black "Khanukov, Boris"]
[Result "1/2-1/2"]
[WhiteElo "2138"]
[BlackElo "2320"]
[PlyCount "82"]
[EventDate "2016.11.19"]
[EventType "swiss"]
[EventRounds "11"]
[EventCountry "CZE"]
[SourceTitle "CBM 175 Extra"]
[Source "ChessBase"]
[SourceDate "2016.12.12"]
[SourceVersion "1"]
[SourceVersionDate "2016.12.12"]
[SourceQuality "1"]

1. e4 c5 2. c3 Nf6 3. e5 Nd5 4. d4 cxd4 5. cxd4 Nc6 6. Nf3 d6 7. Bc4 e6 8. 0-0 Nb6 9. Bb5 Bd7 10. Nc3 dxe5 11. dxe5 Be7 12. Qe2 Qc7 13. Bf4 a6 14. Bd3 Nb4 15. Be4 Bc6 16. Rac1 Rd8 17. Bb1 N4d5 18. Bd2 Nxc3 19. Rxc3 Qd7 20. Rd3 Bb5 21. Rxd7 Bxe2 22. Rxd8+ Bxd8 23. Re1 Bxf3 24. gxf3 Kd7 25. Be4 Nd5 26. f4 g6 27. Be3 Be7 28. Rd1 Kc6 29. Rc1+ Kd7 30. Rd1 Rd8 31. Bxd5 exd5 32. Rxd5+ Ke6 33. Rxd8 Bxd8 34. Kg2 Kf5 35. Kf3 Be7 36. Bd4 h5 37. Be3 b5 38. b3 Bf8 39. Bd2 Bg7 40. Bc3 Bh6 41. Bd2 Bf8 1/2-1/2

[Event "Wch Seniors 65 26th"]
[Site "Marianske Lazne"]
[Date "2016.11.22"]
[Round "4"]
[White "Horyna, Josef"]
[Black "Vrabec, Milos"]
[Result "0-1"]
[WhiteElo "1746"]
[BlackElo "2138"]
[PlyCount "54"]
[EventDate "2016.11.19"]
[EventType "swiss"]
[EventRounds "11"]
[EventCountry "CZE"]
[SourceTitle "CBM 175 Extra"]
[Source "ChessBase"]
[SourceDate "2016.12.12"]
[SourceVersion "1"]
[SourceVersionDate "2016.12.12"]
[SourceQuality "1"]

1. d4 d6 2. e4 Nf6 3. Nc3 g6 4. Be2 Bg7 5. Be3 c6 6. e5 dxe5 7. dxe5 Qxd1+ 8. Nxd1 Ng4 9. Bxg4 Bxg4 10. f4 Na6 11. c3 Nc7 12. Nf2 Be6 13. Nf3 Bd5 14. Ke2 f6 15. Nd3 b6 16. Rhd1 c5 17. exf6 exf6 18. Kf2 0-0-0 19. Nde1 Rd7 20. Rac1 Rhd8 21. c4 Be4 22. Rxd7 Rxd7 23. Nd2 Bc6 24. b3 Ne6 25. Ndf3 f5 26. Ne5 Bxe5 27. fxe5 f4 0-1

[Event "Wch Seniors 65 26th"]
[Site "Marianske Lazne"]
[Date "2016.11.21"]
[Round "3"]
[White "Vrabec, Milos"]
[Black "McKerracher, Douglas"]
[Result "0-1"]
[WhiteElo "2138"]
[BlackElo "1962"]
[PlyCount "104"]
[EventDate "2016.11.19"]
[EventType "swiss"]
[EventRounds "11"]
[EventCountry "CZE"]
[SourceTitle "CBM 175 Extra"]
[Source "ChessBase"]
[SourceDate "2016.12.12"]
[SourceVersion "1"]
[SourceVersionDate "2016.12.12"]
[SourceQuality "1"]

1. f4 f5 2. e4 fxe4 3. d3 Nf6 4. Nc3 exd3 5. Bxd3 d5 6. Nf3 Nc6 7. 0-0 Bg4 8. h3 Bxf3 9. Qxf3 Qd7 10. f5 0-0-0 11. Bg5 Kb8 12. Rae1 Nb4 13. Bb5 c6 14. Ba4 h6 15. Bh4 Rg8 16. Qf4+ Qd6 17. Qxd6+ exd6 18. Re6 Na6 19. Rfe1 Nc5 20. R6e2 g5 21. fxg6 Rxg6 22. Rf1 Bg7 23. Re7 Rg8 24. Rxg7 R8xg7 25. Rxf6 Rxg2+ 26. Kf1 d4 27. b4 Nxa4 28. Nxa4 Rxc2 29. Rxd6 Rxa2 30. Nc5 Rgg2 31. Rxd4 b6 32. Ne4 Rgc2 33. Nf2 c5 34. bxc5 Rxc5 35. Rd6 h5 36. Rd7 a5 37. Rf7 a4 38. Bd8 b5 39. Be7 Rcc2 40. Rf5 Rab2 41. Kg1 Rb3 42. Rxh5 Kb7 43. Rf5 Kc6 44. Rf8 Kd7 45. Bh4 a3 46. Rd8+ Ke6 47. Re8+ Kf7 48. Re7+ Kf8 49. Ra7 a2 50. Bf6 Rf3 51. Bg7+ Kg8 52. Ne4 Rf7 0-1

[Event "SVK-ch Seniors-B"]
[Site "Tatranske Matliare"]
[Date "2016.06.10"]
[Round "7"]
[White "Ruckschloss, Karol"]
[Black "Vrabec, Milos"]
[Result "1-0"]
[WhiteElo "2248"]
[BlackElo "2131"]
[PlyCount "91"]
[EventDate "2016.06.05"]
[EventType "swiss"]
[EventRounds "9"]
[EventCountry "SVK"]
[SourceTitle "EXT 2023"]
[Source "ChessBase"]
[SourceDate "2022.10.05"]
[SourceVersion "1"]
[SourceVersionDate "2022.10.05"]
[SourceQuality "1"]

1. c4 e5 2. Nc3 Bb4 3. Qc2 a5 4. g3 Nc6 5. Bg2 Nge7 6. Nf3 d6 7. 0-0 0-0 8. e3 Bg4 9. Nb5 Bc5 10. d3 Nb4 11. Qd2 c6 12. Nc3 Ng6 13. a3 Na6 14. d4 Ba7 15. h3 Be6 16. b3 Nc7 17. Rd1 Qe7 18. a4 Rfd8 19. Ba3 c5 20. d5 Bd7 21. e4 Rf8 22. Nb5 Nxb5 23. axb5 Bb6 24. Bb2 Bc7 25. h4 Qe8 26. h5 Nh8 27. Bc3 b6 28. Re1 Rb8 29. Nh2 Bd8 30. f4 f6 31. Bf3 Nf7 32. Qg2 Nh6 33. Bd2 Kh8 34. Kf2 f5 35. Kg1 fxe4 36. Rxe4 Bf6 37. g4 Qf7 38. g5 Bf5 39. gxf6 Bxe4 40. fxg7+ Qxg7 41. Bxe4 Qxg2+ 42. Kxg2 Nf5 43. fxe5 dxe5 44. Ng4 Nd4 45. Bg5 Nxb3 46. Ra3 1-0

[Event "SVK-ch Seniors-B"]
[Site "Tatranske Matliare"]
[Date "2016.06.09"]
[Round "6"]
[White "Vrabec, Milos"]
[Black "Veselsky, Jozef"]
[Result "1-0"]
[WhiteElo "2131"]
[BlackElo "2061"]
[PlyCount "111"]
[EventDate "2016.06.05"]
[EventType "swiss"]
[EventRounds "9"]
[EventCountry "SVK"]
[SourceTitle "EXT 2023"]
[Source "ChessBase"]
[SourceDate "2022.10.05"]
[SourceVersion "1"]
[SourceVersionDate "2022.10.05"]
[SourceQuality "1"]

1. e4 c5 2. Nc3 Nc6 3. f4 g6 4. Nf3 Bg7 5. Bc4 d6 6. 0-0 Nf6 7. d3 0-0 8. Qe1 Bg4 9. Qh4 Bxf3 10. Rxf3 Qd7 11. f5 Ne5 12. Rh3 e6 13. Bg5 Neg4 14. e5 dxe5 15. Ne4 Nh5 16. f6 Qd4+ 17. Kh1 Bxf6 18. Bxf6 Ngxf6 19. Nxf6+ Nxf6 20. Qxf6 b5 21. c3 Qd7 22. Bb3 a5 23. Rf1 c4 24. dxc4 bxc4 25. Bxc4 Rac8 26. b3 a4 27. Qxe5 Rcd8 28. Rhf3 Qd6 29. Qxd6 Rxd6 30. bxa4 Rc8 31. Bb3 Rc7 32. h3 Rdc6 33. Rd1 Kf8 34. Rd4 Ke7 35. a5 Ra7 36. Ra4 Rca6 37. Kg1 Rxa5 38. Rxa5 Rxa5 39. Kf2 f5 40. Re3 e5 41. Rd3 Ra7 42. Rd5 Kf6 43. c4 Re7 44. c5 f4 45. Rd6+ Kf5 46. Bc2+ e4 47. Rd4 Ra7 48. Rxe4 Rxa2 49. Rc4+ Ke5 50. c6 Ra8 51. Be4 Rc8 52. Kf3 g5 53. Bxh7 Kd5 54. Rc2 Rc7 55. Be4+ Kd4 56. Rd2+ 1-0

[Event "Rakovnik Regional-chT 1415"]
[Site "Rakovnik"]
[Date "2015.02.01"]
[Round "7.2"]
[White "Pycha, Patrik"]
[Black "Vrabec, Milos"]
[Result "1/2-1/2"]
[WhiteElo "2035"]
[BlackElo "2169"]
[PlyCount "82"]
[EventDate "2014.10.19"]
[EventType "team-tourn"]
[EventRounds "11"]
[EventCountry "CZE"]
[SourceTitle "EXT 2016"]
[Source "ChessBase"]
[SourceDate "2015.10.08"]
[SourceVersion "1"]
[SourceVersionDate "2015.10.08"]
[SourceQuality "1"]
[WhiteTeam "Vlasim II"]
[BlackTeam "Kostelec nad CL"]
[WhiteTeamCountry "CZE"]
[BlackTeamCountry "CZE"]

1. e4 c5 2. Nc3 Nc6 3. g3 g6 4. Bg2 Bg7 5. d3 d6 6. Be3 e6 7. Qd2 Nd4 8. Nd1 e5 9. c3 Ne6 10. Ne2 Ne7 11. 0-0 0-0 12. f4 f5 13. Nf2 d5 14. fxe5 dxe4 15. dxe4 Qxd2 16. Bxd2 Bxe5 17. Bh6 Bg7 18. Bxg7 Kxg7 19. Nd3 Rb8 20. Nef4 Nxf4 21. Nxf4 fxe4 22. Bxe4 b6 23. Rfe1 Rf7 24. Rad1 Bg4 25. Rd3 g5 26. Nd5 Nxd5 27. Rxd5 h6 28. Rd6 Rf6 29. Rxf6 Kxf6 30. Rf1+ Ke5 31. Bg2 Rd8 32. Re1+ Kf6 33. h3 Be6 34. Rf1+ Kg7 35. a3 Rd2 36. Rf2 Rxf2 37. Kxf2 Kf6 38. Ke3 Ke5 39. h4 gxh4 40. gxh4 a5 41. Bf3 Bc4 1/2-1/2

[Event "Rakovnik Regional-chT 1415"]
[Site "Rakovnik"]
[Date "2015.01.04"]
[Round "5.2"]
[White "Pilny, Jiri"]
[Black "Vrabec, Milos"]
[Result "1/2-1/2"]
[WhiteElo "1985"]
[BlackElo "2169"]
[PlyCount "41"]
[EventDate "2014.10.19"]
[EventType "team-tourn"]
[EventRounds "11"]
[EventCountry "CZE"]
[SourceTitle "EXT 2016"]
[Source "ChessBase"]
[SourceDate "2015.10.08"]
[SourceVersion "1"]
[SourceVersionDate "2015.10.08"]
[SourceQuality "1"]
[WhiteTeam "Ricany III"]
[BlackTeam "Kostelec nad CL"]
[WhiteTeamCountry "CZE"]
[BlackTeamCountry "CZE"]

1. d4 Nf6 2. Nf3 d6 3. c4 Nbd7 4. Nc3 e5 5. Bg5 Be7 6. g3 0-0 7. Bg2 h6 8. Be3 Re8 9. h3 Bf8 10. Qc2 c6 11. Nd2 a5 12. a3 g6 13. 0-0 Bg7 14. Rad1 Qc7 15. Nde4 Nxe4 16. Nxe4 f5 17. Nc3 exd4 18. Bxd4 Ne5 19. b3 Be6 20. f4 Nf7 21. e4 1/2-1/2

[Event "Czechia KP-chTB 0607"]
[Site "Czech Republic"]
[Date "2007.02.04"]
[Round "7.1"]
[White "Vrabec, Milos"]
[Black "Novak, Jiri"]
[Result "1-0"]
[WhiteElo "2109"]
[BlackElo "1882"]
[PlyCount "117"]
[EventDate "2006.10.29"]
[EventType "team"]
[EventRounds "11"]
[EventCountry "CZE"]
[SourceTitle "EXT 2008"]
[Source "ChessBase"]
[SourceDate "2007.11.25"]
[SourceVersion "1"]
[SourceVersionDate "2007.11.25"]
[SourceQuality "1"]
[WhiteTeam "Kostelec nad CL"]
[BlackTeam "Sendrazice"]
[WhiteTeamCountry "CZE"]
[BlackTeamCountry "CZE"]

1. Nf3 Nf6 2. d4 g6 3. g3 Bg7 4. Bg2 0-0 5. 0-0 d6 6. c4 Nc6 7. b3 Rb8 8. Bb2 a6 9. Nbd2 Nh5 10. Qc2 e5 11. dxe5 dxe5 12. Rad1 Qe7 13. Qc1 Rd8 14. Ne4 Nd4 15. Rfe1 Bf5 16. Nc3 c6 17. Nh4 Nf6 18. e3 Ne6 19. Nxf5 gxf5 20. Qc2 e4 21. Ne2 Ng4 22. Nd4 Qg5 23. h3 Ne5 24. Nxe6 fxe6 25. Rxd8+ Rxd8 26. Rd1 Qe7 27. Bxe5 Bxe5 28. Bf1 Rd7 29. Be2 Qd8 30. Rxd7 Qxd7 31. c5 Kg7 32. b4 Bf6 33. Bc4 e5 34. a3 h5 35. Kh2 Kh6 36. h4 Qe7 37. Be2 Qe6 38. Qd1 Qf7 39. Qd6 Kg7 40. Kg2 Qg6 41. Qd7+ Kh6 42. Kh2 Qh7 43. Qxh7+ Kxh7 44. Bxh5 Bd8 45. Be8 a5 46. Bd7 Kg6 47. Kh3 axb4 48. axb4 b6 49. Bxc6 bxc5 50. bxc5 Kf6 51. Bd7 Bc7 52. h5 f4 53. Kg4 fxg3 54. fxg3 Bd8 55. Bf5 Kg7 56. Bxe4 Kh6 57. Bg6 Be7 58. e4 Kg7 59. Kf5 1-0